| 000 | 00671nam a2200193 i 4500 | ||
|---|---|---|---|
| 001 | 150957 | ||
| 003 | ES-MaACL | ||
| 005 | 20250927114812.0 | ||
| 007 | t| | ||
| 008 | 071122s1873 fr ||||1| fre d | ||
| 100 | 0 |
_aErckmann-Chatrian. _947367 |
|
| 245 | 1 | 4 |
_aLes deux frères / _cpar Erckmann-Chatrian ; illustrés de 24 dessins par Théophile Schuler ; gravure par Pannemaker. |
| 260 |
_aParis : _bJ. Hetzel, _c1873. |
||
| 300 |
_a95 p. : _bil. ; _c28 cm. |
||
| 700 | 1 |
_aSchuler, Théophile. _9104756 |
|
| 700 | 1 |
_aPannemaker, Adolphe François, _d1822-1900 _9152806 |
|
| 852 |
_aES-MaACL _jC-1919(6) _q. - Encuadernado con otras obras |
||
| 999 |
_c150957 _d150957 |
||